Homestuck - Statistics

General Stats
  • This quiz has been taken 6 times
  • The average score is 5 of 22
Answer Stats
Hint Answer % Correct
Shipper/Shipper Katnep
60%
Beautiful Women in love Rosemary
60%
Normal dude x goddess Arasol
40%
Rap buddies to something more Gamdave
40%
Kooky Queen/silly knight Gamjane
40%
Charming Recluse/Clumsy Extrovert Jaderose
40%
Its not gay to kiss the homies goodnight (it is) Johndave
40%
Villain/Hero Vrisrezi
40%
Secretly in love for years but pretend like theyre just friends Davejade
20%
It is very gay to kiss the homies goodnight. we will continue doing it Dirkjake
20%
Friends to Lovers Grimdorks
20%
Ragebaited/Ragebaited Jadekat
20%
Grumpy/Sunshine Johnkat
20%
Gamer friends who kiss often Johnsol
20%
Insane/Into it Vrisnaya
20%
Four people share two braincells fighting for a participation award. Alpha polycule
0%
Freak/Freak Daverezi
0%
Very in love, very upset about it Erikar
0%
Besties who love each other and will not admit it. Janeroxy
0%
Freak/Hopeless Romantic Karezi
0%
Silly x Silly Nepjade
0%
Soft for only them Spider8reath
0%
No matching quizzes found
Score Distribution
Percent of People with Each Score
Percentile by Number Answered
Your Score History
You have not taken this quiz